SUKSHIMIKARAN EVAM UZZAWAL BHAVISHYA KA AWTARAN- PART 2 - 29 (Record no. 25496)

MARC details
000 -LEADER
fixed length control field 00424nam a22001577a 4500
003 - CONTROL NUMBER IDENTIFIER
control field SGT
082 ## - DEWEY DECIMAL CLASSIFICATION NUMBER
Classification number 615.53
Item number S98A
100 ## - MAIN ENTRY--PERSONAL NAME
Personal name ACHARYA, SHREE RAM SHARMA
245 ## - TITLE STATEMENT
Title SUKSHIMIKARAN EVAM UZZAWAL BHAVISHYA KA AWTARAN- PART 2 - 29
250 ## - EDITION STATEMENT
Edition statement 2ND
260 ## - PUBLICATION, DISTRIBUTION, ETC. (IMPRINT)
Place of publication, distribution, etc MATHURA
Name of publisher, distributor, etc AAKHAND JYOTI SANSTHAN
Year of Publication 1998
300 ## - PAGE DESCRIPTION
No. of Pages 6.73
650 ## - SUBJECT ADDED ENTRY--TOPICAL TERM
Topical term or geographic name as entry element AYURVEDA
653 ## - KEYWORDS--INDEX TERM
Keyword term SUKSHIMIKARAN, UZZAWAL, BHAVISHYA, AWTARAN
942 ## - ADDED ENTRY ELEMENTS (KOHA)
Source of classification or shelving scheme Dewey Decimal Classification
Koha item type Rare Books
Holdings
Withdrawn status Lost status Source of classification or shelving scheme Damaged status Use restrictions Not for loan Collection code Home library Current library Shelving location Date acquired Cost, normal purchase price Volume Information (Serial or Books or Non-Book Material) SGTU Full call number Accession No. (Barcode) Date last seen Bill Date Koha item type
    Dewey Decimal Classification   Restricted Access   AYURVEDA SGT FA-FP Library SGT FA-FP Library On Display 23/12/2023 150.00 29 SGTU 615.53 S98A FA12918 23/12/2023 23/12/2023 Rare Books